| 000 | 00720nam a22002057a 4500 | ||
|---|---|---|---|
| 005 | 20230419122819.0 | ||
| 008 | 230112b dr ||||| |||| 00| 0 spa d | ||
| 020 | _a9993479136 | ||
| 050 | 0 | 4 |
_aKGQ3015 _bR63 2004 |
| 100 | 1 | _aRodríguez, Namphi | |
| 245 | 1 | 0 |
_aElementos de derecho de la información _c / Namhi Rodríguez ; prólogo Rafael Molina Morillo. |
| 250 | _a1a ed. | ||
| 260 |
_aSanto Domingo : _bEditora Búho, _c2004 |
||
| 490 | 0 | _aColección Prensa y Derecho | |
| 504 | _aBibliografía : p. 227-231 | ||
| 650 | 7 |
_2lemb _aLibertad de información _zRepública Dominicana |
|
| 650 | 7 |
_2lem _aLibertad de prensa _zRepública Dominicana |
|
| 700 |
_4Molina Morillo, Rafael, _eprologuista |
||
| 942 |
_2lcc _cLIB |
||
| 999 |
_c58276 _d58276 |
||